00844nam a2200181Ia 4500100001900000942000700019654002200026245004500048260003300093082001400126300000900140546001200149999001700161952012100178952012100299952012100420952012100541 aMary campbell  cBK a1-2-3 Release 2.3 a1-2-3 Release 2.3 the complete reference bMc Graw HillaNew Yorkc1991 a5.13bPAN a1072 aENGLISH c18985d18985 001040708CRCaCRCEbCRCEd2023-03-17eglobal booksg135.00l0o5.13 PANp6729r2023-03-17v135.00w2023-03-17yBK 001040708CRCaCRCEbCRCEd2023-03-17eglobal booksg135.00l0o5.13 PANp6730r2023-03-17v135.00w2023-03-17yBK 001040708CRCaCRCEbCRCEd2023-03-17eglobal booksg135.00l0o5.13 PANp6731r2023-03-17v135.00w2023-03-17yBK 001040708CRCaCRCEbCRCEd2023-03-17eglobal booksg135.00l0o5.13 PANp6732r2023-03-17v135.00w2023-03-17yBK